[Event "AChIP06"]
[Site "Paris"]
[Date "????.??.??"]
[Round "4.4"]
[White "Jablonski, Noham"]
[Black "Launiau, Severin"]
[Result "0-1"]
[WhiteElo "2254"]
[BlackElo "2100"]
[PlyCount "166"]

1. e4 e6 2. d4 d5 3. e5 c5 4. c3 Nc6 5. Nf3 Qb6 6. Bd3 cxd4 7. cxd4 Bd7 8. O-O
Nxd4 9. Nxd4 Qxd4 10. Nc3 a6 11. Qe2 Ne7 12. Kh1 Nc6 13. f4 Bc5 14. a3 Ba7 15.
Bd2 b5 16. b4 O-O 17. Rab1 f6 18. Nd1 Nxe5 19. fxe5 Qxe5 20. Qf3 Qd6 21. Qh5 f5
22. Ne3 g6 23. Qh6 d4 24. Rbd1 dxe3 25. Bc3 Qe7 26. Be5 Rac8 27. Rf3 Bb8 28.
Bd4 Rc6 29. Rxe3 Rfc8 30. Rh3 e5 31. Bb2 e4 32. Bb1 f4 33. Bxe4 Bxh3 34. Bxc6
Be6 35. Be4 Qf7 36. Bf3 Bb3 37. h3 Re8 38. Rc1 Rd8 39. Re1 Bc4 40. Ba1 Bc7 41.
Bc6 Bd6 42. Be8 Qf8 43. Qxf8+ Kxf8 44. Bc6 Be7 45. Bb7 Bh4 46. Rc1 Rd3 47. Bc3
Bf2 48. Be4 Rd7 49. g4 fxg3 50. Kg2 Kf7 51. Bc6 Rd3 52. Be4 Rd6 53. Be1 Bxe1
54. Rxe1 Bd5 55. Bxd5+ Rxd5 56. Re3 Rg5 57. Rc3 h5 58. h4 Rg4 59. Rc6 Rxh4 60.
Kxg3 Re4 61. Rxa6 Re6 62. Ra5 Rb6 63. Ra8 Kf6 64. Kh4 Rd6 65. Rb8 Rd4+ 66. Kg3
Rd5 67. Kh4 Kg7 68. Rb7+ Kh6 69. Rb6 Re5 70. Kg3 Kg5 71. Rc6 Rf5 72. Rc3 h4+
73. Kh3 Kh5 74. Rc5 Rg5 75. Kh2 Kg4 76. Rc2 Re5 77. Rg2+ Kh5 78. Rc2 g5 79. Rc5
Re2+ 80. Kh1 h3 81. Rxb5 Kh4 82. Rc5 g4 83. Rc4 h2 0-1

[Event "AChIP06"]
[Site "Paris"]
[Date "????.??.??"]
[Round "4.5"]
[White "Lebrun, Xavier"]
[Black "Feuga, Quentin"]
[Result "1/2-1/2"]
[WhiteElo "2220"]
[BlackElo "2038"]
[PlyCount "66"]

1. e4 e6 2. d4 d5 3. e5 c5 4. c3 Qb6 5. Nf3 Nc6 6. Bd3 Bd7 7. dxc5 Bxc5 8. O-O
Qc7 9. b4 Bb6 10. Re1 Nge7 11. a4 a6 12. h4 Ng6 13. Qe2 f6 14. Bxg6+ hxg6 15.
exf6 gxf6 16. Be3 e5 17. Nbd2 Bxe3 18. Qxe3 Ne7 19. Nb3 Nf5 20. Qd3 Qc4 21.
Qxc4 dxc4 22. Nc5 Bc6 23. b5 Bxf3 24. gxf3 Nxh4 25. Reb1 Nxf3+ 26. Kg2 Nd2 27.
bxa6 bxa6 28. Rb7 Nb3 29. Nxb3 cxb3 30. Rd1 b2 31. Rdd7 b1=Q 32. Re7+ Kd8 33.
Red7+ Kc8 1/2-1/2

[Event "AChIP06"]
[Site "Paris"]
[Date "????.??.??"]
[Round "4.6"]
[White "Vialatte, Jean-Charles"]
[Black "Giroux, Fabrice"]
[Result "0-1"]
[WhiteElo "2091"]
[BlackElo "2204"]
[PlyCount "76"]

1. d4 Nc6 2. f4 d5 3. Nf3 Bg4 4. e3 f6 5. Bb5 Qd6 6. O-O a6 7. Bxc6+ Qxc6 8. c3
Nh6 9. Nbd2 O-O-O 10. Qe1 Bf5 11. Qe2 e6 12. Re1 Be4 13. c4 Bb4 14. cxd5 exd5
15. a3 Bxf3 16. Qxf3 Bxd2 17. Bxd2 f5 18. Rac1 Qe6 19. Qe2 Rd7 20. b4 Kb8 21.
b5 axb5 22. Qxb5 Nf7 23. Bb4 Nd6 24. Qa4 Nc4 25. Bc5 b6 26. Qa6 Qc6 27. Rb1 Qa8
28. Qb5 Kc8 29. a4 bxc5 30. Qxc5 Qa5 31. Qc6 Rd6 32. Qb7+ Kd7 33. Rec1 Ra8 34.
Qb5+ Qxb5 35. Rxb5 Rxa4 36. Rb8 Nxe3 37. Re1 Re6 38. Rg8 Re7 0-1

[Event "AChIP06"]
[Site "Paris"]
[Date "????.??.??"]
[Round "4.7"]
[White "Rene, Benoit"]
[Black "Pass, Deborah"]
[Result "1-0"]
[WhiteElo "2256"]
[BlackElo "2011"]
[PlyCount "55"]

1. e4 g6 2. d4 Bg7 3. Nf3 d6 4. Nc3 Nf6 5. Be2 O-O 6. O-O Nbd7 7. e5 Ne8 8. Bf4
c6 9. Qd2 Qa5 10. Qe3 dxe5 11. dxe5 Nc7 12. Bh6 Ne6 13. Bxg7 Nxg7 14. Qg5 Qb4
15. Bd3 Ne6 16. Qc1 Qg4 17. Ne2 Ndc5 18. h3 Nxd3 19. cxd3 Qf5 20. Qe3 Nc7 21.
Ng3 Qd7 22. Rfe1 Nd5 23. Qh6 f6 24. Re4 Qc7 25. e6 Bxe6 26. Rxe6 Nf4 27. Re3 e5
28. d4 1-0

[Event "AChIP06"]
[Site "Paris"]
[Date "????.??.??"]
[Round "4.8"]
[White "El Farihi, Mohsine"]
[Black "Gervasio, Ricardo"]
[Result "0-1"]
[WhiteElo "2153"]
[BlackElo "2293"]
[PlyCount "52"]

1. d4 Nf6 2. c4 e6 3. a3 Be7 4. Nc3 d5 5. e3 O-O 6. cxd5 exd5 7. Bd3 Re8 8.
Nge2 Nbd7 9. Qc2 Nf8 10. f3 Ne6 11. b4 a5 12. b5 c5 13. bxc6 bxc6 14. O-O c5
15. Bb5 Bd7 16. Bd2 cxd4 17. exd4 Rc8 18. Qd3 Bxb5 19. Nxb5 Rc4 20. Rfc1 Qc8
21. a4 Bf8 22. Bxa5 Nf4 23. Rxc4 dxc4 24. Qd2 Nxe2+ 25. Kf1 Nd5 26. g3 Qh3+ 0-1

[Event "AChIP06"]
[Site "Paris"]
[Date "????.??.??"]
[Round "4.9"]
[White "Nadassy, Attila"]
[Black "Arnaudov, G. Petar"]
[Result "0-1"]
[WhiteElo "2137"]
[BlackElo "2220"]
[PlyCount "82"]

1. d4 Nf6 2. Nc3 g6 3. Bf4 Bg7 4. Qd2 h6 5. f3 d6 6. O-O-O c6 7. e4 b5 8. Kb1
Bb7 9. Nh3 Nh5 10. Be3 Nd7 11. Nf2 Nb6 12. b3 Nf6 13. Bd3 e5 14. dxe5 dxe5 15.
h3 Qe7 16. Ng4 h5 17. Nxf6+ Bxf6 18. g3 O-O 19. h4 Rfd8 20. g4 hxg4 21. fxg4
Nc4 22. bxc4 bxc4 23. Bg5 Bc8 24. Bxf6 Qxf6 25. g5 Qe7 26. h5 cxd3 27. hxg6
fxg6 28. Rh6 dxc2+ 29. Qxc2 Rb8+ 30. Ka1 Rxd1+ 31. Qxd1 Qxg5 32. Qh1 Qf6 33.
Qg2 Kf7 34. Rh7+ Kf8 35. Rxa7 Qf4 36. Qg1 Qd2 37. Qc5+ Kg8 38. Qc4+ Kh8 39.
Rh7+ Kxh7 40. Qf7+ Kh6 41. Qf8+ Kh5 0-1

[Event "AChIP06"]
[Site "Paris"]
[Date "????.??.??"]
[Round "4.10"]
[White "Gouanelle, Franck"]
[Black "Baron, Thierry"]
[Result "1-0"]
[WhiteElo "2121"]
[BlackElo "2219"]
[PlyCount "61"]

1. e4 e5 2. Nf3 Nc6 3. Bb5 a6 4. Bxc6 dxc6 5. O-O Qd6 6. Na3 b5 7. c3 c5 8. Nc2
Bb7 9. d4 cxd4 10. cxd4 exd4 11. Nfxd4 c5 12. Nb3 Qg6 13. Qe2 Nf6 14. f3 Be7
15. Na5 Ra7 16. a4 O-O 17. axb5 axb5 18. Nc6 Bxc6 19. Rxa7 Re8 20. Be3 h5 21.
Qf2 Nd7 22. Rd1 Ne5 23. Ne1 c4 24. Bc5 Bf6 25. h3 Rc8 26. f4 Nd3 27. Nxd3 cxd3
28. f5 Qh6 29. Be3 Qh7 30. Qf4 Bxb2 31. Rc7 1-0

[Event "AChIP06"]
[Site "Paris"]
[Date "????.??.??"]
[Round "5.1"]
[White "Giroux, Fabrice"]
[Black "Peric, Slavisa"]
[Result "0-1"]
[WhiteElo "2204"]
[BlackElo "2274"]
[PlyCount "90"]

1. e4 e6 2. d4 d5 3. Nc3 dxe4 4. Nxe4 Nd7 5. Bd3 Ngf6 6. Qe2 c5 7. Nxf6+ Nxf6
8. dxc5 Bxc5 9. Bd2 Bd7 10. O-O-O Qb6 11. Nf3 Ng4 12. Be1 Bxf2 13. Nd2 Bxe1 14.
Nc4 Qc5 15. Qxg4 Bf2 16. Be2 Ke7 17. Qxg7 Raf8 18. Kb1 Be8 19. Qh6 Rhg8 20. Nd6
Bc6 21. Bf3 Qg5 22. Qxh7 Rh8 23. Qd3 Rd8 24. Qe2 Bb6 25. Bxc6 bxc6 26. Ne4 Qe3
27. Qc4 Rxd1+ 28. Rxd1 Rh4 29. Qxc6 Rxe4 30. Qd6+ Kf6 31. a3 Qc5 32. Rf1+ Kg7
33. Qg3+ Kf8 34. Qf3 Qf5 35. Qxf5 exf5 36. Rxf5 Re1+ 37. Ka2 Re2 38. Kb3 Rxg2
39. h4 Ke7 40. a4 Ke6 41. Rf1 f5 42. Kc3 a5 43. Re1+ Kd5 44. Re7 Bd4+ 45. Kb3
f4 0-1

[Event "AChIP06"]
[Site "Paris"]
[Date "????.??.??"]
[Round "5.2"]
[White "Launiau, Severin"]
[Black "Kukov, Velislav"]
[Result "1/2-1/2"]
[WhiteElo "2100"]
[BlackElo "2258"]
[PlyCount "73"]

1. f4 Nf6 2. Nf3 d5 3. e3 g6 4. b3 Bg7 5. Bb2 O-O 6. Be2 c5 7. O-O Nc6 8. Ne5
Nxe5 9. fxe5 Nd7 10. d4 cxd4 11. exd4 f6 12. Nc3 e6 13. Ba3 Re8 14. exf6 Nxf6
15. Qd3 e5 16. dxe5 Rxe5 17. Qd4 Rxe2 18. Nxe2 Ne4 19. Qb4 Qb6+ 20. Qxb6 axb6
21. Bb4 Bxa1 22. Rxa1 Bd7 23. Nd4 Nc5 24. a4 Ne6 25. Nxe6 Bxe6 26. Rd1 Rc8 27.
c3 d4 28. Rxd4 Bxb3 29. a5 bxa5 30. Bxa5 b5 31. Rd8+ Rxd8 32. Bxd8 Kf7 33. h4
Ke6 34. g3 Kf5 35. Kf2 Ke4 36. Bf6 Bc4 37. Bg7 1/2-1/2

[Event "AChIP06"]
[Site "Paris"]
[Date "????.??.??"]
[Round "5.3"]
[White "Gervasio, Ricardo"]
[Black "Pozdnjakov, Viatcheslav"]
[Result "1/2-1/2"]
[WhiteElo "2293"]
[BlackElo "2192"]
[PlyCount "40"]

1. d4 d5 2. Nf3 c6 3. Bf4 Nf6 4. e3 Qb6 5. b3 Bf5 6. Bd3 Bxd3 7. Qxd3 Nbd7 8.
Nbd2 e6 9. O-O Be7 10. c4 a5 11. c5 Qa6 12. Qc2 O-O 13. Ne5 Nxe5 14. Bxe5 Nd7
15. Nf3 b6 16. cxb6 Qxb6 17. Rab1 Rfc8 18. Qb2 Qb4 19. Rfc1 f6 20. Bg3 c5
1/2-1/2

[Event "AChIP06"]
[Site "Paris"]
[Date "????.??.??"]
[Round "5.4"]
[White "Nemirovski, Serge"]
[Black "Bes, Stephane"]
[Result "1-0"]
[WhiteElo "2268"]
[BlackElo "2179"]
[PlyCount "51"]

1. d4 d5 2. Nf3 Nf6 3. Bf4 Bf5 4. e3 e6 5. Bd3 Bg6 6. O-O Be7 7. h3 O-O 8. Ne5
c5 9. Nxg6 hxg6 10. Nd2 Nc6 11. c3 c4 12. Bc2 b5 13. e4 a5 14. e5 Nd7 15. Qg4
Nb6 16. Nf3 Re8 17. g3 b4 18. Kg2 a4 19. a3 b3 20. Bb1 Ra6 21. h4 Bf8 22. Rh1
Ne7 23. h5 Nf5 24. Qh3 gxh5 25. g4 Ne7 26. Bh7+ 1-0

[Event "AChIP06"]
[Site "Paris"]
[Date "????.??.??"]
[Round "5.6"]
[White "Arnaudov, G. Petar"]
[Black "Moussard, Jules"]
[Result "1/2-1/2"]
[WhiteElo "2220"]
[BlackElo "2178"]
[PlyCount "90"]

1. c4 c5 2. Nc3 Nc6 3. Nf3 Nf6 4. d4 cxd4 5. Nxd4 g6 6. e4 Bg7 7. Be3 O-O 8.
Be2 d6 9. Qd2 Ng4 10. Bxg4 Bxg4 11. O-O Qa5 12. f3 Bd7 13. Rfd1 Ne5 14. b3 Rfc8
15. Rac1 f5 16. exf5 gxf5 17. Bh6 Ng6 18. Bxg7 Kxg7 19. f4 Qc5 20. Kh1 e5 21.
Nde2 Bc6 22. Rf1 Kh8 23. Nd5 a5 24. fxe5 dxe5 25. Rxf5 Bxd5 26. cxd5 Qb4 27.
Rd1 Qg4 28. Ng3 a4 29. d6 axb3 30. d7 Rd8 31. axb3 Ra2 32. Qd6 Ra6 33. Qd5 Ra5
34. Qf3 Qxf3 35. gxf3 Ra3 36. h4 Rxb3 37. h5 Ne7 38. Rxe5 Rxf3 39. Rxe7 Rxg3
40. Rde1 Rdg8 41. R7e3 R3g5 42. Re5 Rg4 43. R1e4 Rg1+ 44. Kh2 R1g2+ 45. Kh3
R2g3+ 1/2-1/2

[Event "AChIP06"]
[Site "Paris"]
[Date "????.??.??"]
[Round "5.7"]
[White "Gouanelle, Franck"]
[Black "Lebrun, Xavier"]
[Result "1/2-1/2"]
[WhiteElo "2121"]
[BlackElo "2220"]
[PlyCount "78"]

1. e4 e5 2. Nf3 Nc6 3. Nc3 Nf6 4. Bb5 Nd4 5. Nxd4 exd4 6. e5 dxc3 7. exf6 Qxf6
8. dxc3 Qe5+ 9. Qe2 Qxe2+ 10. Bxe2 Bc5 11. Bf4 d6 12. O-O O-O 13. Bd3 Re8 14.
Rfe1 Bd7 15. Kf1 a6 16. Rxe8+ Rxe8 17. Re1 Rxe1+ 18. Kxe1 Be6 19. a3 Bb6 20.
Ke2 f6 21. Be3 Bxe3 22. Kxe3 Kf7 23. Kd4 c5+ 24. Ke3 a5 25. Be4 d5 26. Bd3 h6
27. f4 g5 28. g3 Ke7 29. Be2 Kd6 30. Bd3 Bd7 31. Be2 Bf5 32. Bd3 Ke6 33. Kf3
g4+ 34. Ke3 Bxd3 35. cxd3 b5 36. b3 a4 37. bxa4 bxa4 38. c4 d4+ 39. Ke2 f5
1/2-1/2

[Event "AChIP06"]
[Site "Paris"]
[Date "????.??.??"]
[Round "5.8"]
[White "Feuga, Quentin"]
[Black "Sohier, Julien"]
[Result "1/2-1/2"]
[WhiteElo "2038"]
[BlackElo "2203"]
[PlyCount "97"]

1. d4 d5 2. c4 dxc4 3. e4 e5 4. d5 Nf6 5. Nc3 Bc5 6. h3 b5 7. Qc2 c6 8. Bg5 Qa5
9. Bd2 Qb6 10. Bg5 Nbd7 11. a4 b4 12. dxc6 bxc3 13. cxd7+ Bxd7 14. bxc3 Bxf2+
15. Qxf2 Qxf2+ 16. Kxf2 Nxe4+ 17. Ke3 Nxg5 18. h4 Ne6 19. Nf3 f6 20. Bxc4 Rc8
21. Nd2 Ke7 22. Rhc1 Rc7 23. Bb5 Rd8 24. c4 Bc8 25. a5 Nf4 26. Nf3 Nxg2+ 27.
Kf2 Bb7 28. Kxg2 Rd2+ 29. Kg3 Rd3 30. Rf1 e4 31. Rae1 Kf8 32. a6 Ba8 33. Kf4
g5+ 34. hxg5 Rxf3+ 35. Rxf3 exf3 36. gxf6 Kf7 37. Ke5 f2 38. Rf1 Rc5+ 39. Kf4
Kxf6 40. Rxf2 Rf5+ 41. Kg3 Rxf2 42. Kxf2 Ke5 43. Ke3 Kd6 44. Kd4 Bf3 45. c5+
Kc7 46. Bd3 h5 47. Bf1 Kc6 48. Kc4 h4 49. Kb4 1/2-1/2

[Event "AChIP06"]
[Site "Paris"]
[Date "????.??.??"]
[Round "5.9"]
[White "Soulages, Laurent"]
[Black "Jablonski, Noham"]
[Result "1/2-1/2"]
[WhiteElo "2115"]
[BlackElo "2254"]
[PlyCount "57"]

1. c4 c5 2. g3 Nf6 3. Bg2 d5 4. cxd5 Nxd5 5. Nc3 Nc7 6. Qb3 Nd7 7. Nf3 e6 8.
O-O Be7 9. Rd1 O-O 10. d4 Qe8 11. Be3 cxd4 12. Nxd4 Na6 13. Rac1 Ndc5 14. Qc2
Bd7 15. Qb1 Rc8 16. b4 Na4 17. Nxa4 Bxa4 18. Bxb7 Rxc1 19. Rxc1 Nxb4 20. Be4 h6
21. Nb3 Bc6 22. Bxc6 Nxc6 23. Qe4 Nb4 24. Qg4 Nxa2 25. Ra1 Qb5 26. Rxa2 Qxb3
27. Rxa7 Qd1+ 28. Kg2 Qd5+ 29. Qf3 1/2-1/2

[Event "AChIP06"]
[Site "Paris"]
[Date "????.??.??"]
[Round "5.10"]
[White "Lecoq, Julien"]
[Black "Pozdnjakov, Evgueniy"]
[Result "1/2-1/2"]
[WhiteElo "2114"]
[BlackElo "2240"]
[PlyCount "36"]

1. e4 e6 2. d4 d5 3. Nc3 Nf6 4. Bg5 dxe4 5. Nxe4 Be7 6. Bxf6 gxf6 7. Qd3 f5 8.
Nc3 c5 9. d5 a6 10. dxe6 Bxe6 11. Qxd8+ Bxd8 12. O-O-O Nd7 13. g3 Ba5 14. Nd5
O-O-O 15. Bg2 Nb6 16. Nxb6+ Bxb6 17. Nh3 Rxd1+ 18. Rxd1 Rd8 1/2-1/2

[Event "AChIP06"]
[Site "Paris"]
[Date "????.??.??"]
[Round "6.1"]
[White "Peric, Slavisa"]
[Black "Launiau, Severin"]
[Result "0-1"]
[WhiteElo "2274"]
[BlackElo "2100"]
[PlyCount "126"]

1. d4 Nf6 2. Nf3 e6 3. Bg5 Be7 4. c4 b6 5. Nc3 Bb7 6. Qc2 d6 7. e4 Nbd7 8. Rd1
h6 9. Bh4 g5 10. Bg3 Nh5 11. Be2 a6 12. e5 g4 13. Nd2 Bxg2 14. Rg1 Nxg3 15.
fxg3 Bh3 16. Nde4 dxe5 17. d5 exd5 18. Nxd5 Bd6 19. Nxd6+ cxd6 20. Qe4 Nc5 21.
Qf5 Qg5 22. Qxg5 hxg5 23. Nxb6 Rd8 24. b4 Ne6 25. Bd3 Nd4 26. Be4 f5 27. Rxd4
exd4 28. Bxf5 O-O 29. Bd7 Rf3 30. c5 dxc5 31. bxc5 Rc3 32. Be6+ Kg7 33. Kd2
Rxc5 34. Bb3 Rf5 35. Re1 Rf2+ 36. Kd1 Bg2 37. Re7+ Kg6 38. Nd7 Bf3+ 39. Ke1
Rxd7 40. Rxd7 Rxh2 41. Rxd4 Rg2 42. Rd6+ Kf5 43. Rxa6 Rxg3 44. Bc2+ Kf4 45.
Ra4+ Ke3 46. Ra3+ Kd4 47. Bf5 Rh3 48. Rb3 Ke5 49. Bc8 Rh1+ 50. Kf2 Rh2+ 51. Ke3
Re2+ 52. Kd3 Rxa2 53. Rb5+ Kf6 54. Rb6+ Ke7 55. Rg6 Ra3+ 56. Kd2 Ra5 57. Ke3
Re5+ 58. Kd4 Kf7 59. Kxe5 Kxg6 60. Kd4 g3 61. Ke3 g4 62. Ba6 Kg5 63. Bd3 Kh4
0-1

[Event "AChIP06"]
[Site "Paris"]
[Date "????.??.??"]
[Round "6.2"]
[White "Kukov, Velislav"]
[Black "Nemirovski, Serge"]
[Result "1/2-1/2"]
[WhiteElo "2258"]
[BlackElo "2268"]
[PlyCount "119"]

1. Nf3 Nf6 2. d4 d5 3. c4 c6 4. cxd5 cxd5 5. Nc3 Nc6 6. Bf4 Bf5 7. e3 e6 8. Be2
h6 9. Ne5 Be7 10. Qa4 Qb6 11. Bb5 Rc8 12. Nxc6 bxc6 13. Ba6 Qxb2 14. O-O Bc2
15. Nd1 Qb6 16. Qxc2 Qxa6 17. Rb1 O-O 18. Qb3 c5 19. Qb7 Qxb7 20. Rxb7 Rfe8 21.
Rxa7 c4 22. Nc3 Ra8 23. Rb7 Ra3 24. Rc1 Kf8 25. h3 Rea8 26. f3 R3a7 27. Rb5 Nh5
28. Be5 Bg5 29. Bd6+ Ke8 30. f4 Be7 31. Bxe7 Kxe7 32. Rc2 Ng3 33. a4 Nf5 34.
Kf2 Nd6 35. Rb4 f5 36. Ke2 g5 37. fxg5 hxg5 38. Ra2 Ra5 39. Kf3 Rf8 40. Ra1 Rg8
41. Kf2 f4 42. exf4 gxf4 43. Ne2 Ne4+ 44. Kf3 Nd2+ 45. Kf2 Nb3 46. Rd1 Rga8 47.
Nxf4 Rxa4 48. Rb7+ Kf6 49. Rb6 Kf5 50. Kf3 R4a6 51. g4+ Kf6 52. Nxd5+ Kf7 53.
Rb7+ Kf8 54. Nc7 Ra3 55. Kf4 Rc8 56. Nxe6+ Kg8 57. d5 c3 58. Kg5 c2 59. Rf1 Ra1
60. Kg6 1/2-1/2

[Event "AChIP06"]
[Site "Paris"]
[Date "????.??.??"]
[Round "6.3"]
[White "Debeaune, Robin"]
[Black "Gervasio, Ricardo"]
[Result "0-1"]
[WhiteElo "2150"]
[BlackElo "2293"]
[PlyCount "84"]

1. f4 d5 2. Nf3 Nf6 3. b3 c5 4. Bb2 Nc6 5. e3 a6 6. Be2 e6 7. O-O Be7 8. Ne5
Qc7 9. Qe1 Bd7 10. d3 h5 11. Nd2 Rf8 12. Ndf3 O-O-O 13. a3 Be8 14. Nxc6 Bxc6
15. Ne5 g6 16. Bf3 Nd7 17. Nxc6 Qxc6 18. c4 Kb8 19. Rb1 Qd6 20. b4 Bf6 21. b5
Ka7 22. Bxf6 Nxf6 23. Rf2 Rb8 24. Rfb2 b6 25. bxa6 Nd7 26. a4 g5 27. fxg5 Ne5
28. Qe2 h4 29. cxd5 exd5 30. Rf1 f6 31. gxf6 Rxf6 32. d4 Nc4 33. dxc5 Qxc5 34.
Rb5 Qxe3+ 35. Qxe3 Nxe3 36. Rfb1 h3 37. a5 hxg2 38. axb6+ Kxa6 39. Be2 Kb7 40.
R5b3 d4 41. Rc1 Rbf8 42. Rbb1 Rg8 0-1

[Event "AChIP06"]
[Site "Paris"]
[Date "????.??.??"]
[Round "6.4"]
[White "Stoenescu, Radu"]
[Black "Rene, Benoit"]
[Result "1/2-1/2"]
[WhiteElo "2123"]
[BlackElo "2256"]
[PlyCount "76"]

1. e4 c5 2. Nf3 d6 3. d4 cxd4 4. Nxd4 Nf6 5. Nc3 g6 6. Be3 Bg7 7. f3 Nc6 8. Bc4
O-O 9. Qd2 Bd7 10. O-O-O Rc8 11. Bb3 Ne5 12. h4 h5 13. Rdg1 Qa5 14. Kb1 Nc4 15.
Bxc4 Rxc4 16. Nb3 Qc7 17. g4 Rxc3 18. bxc3 hxg4 19. Bh6 Bxh6 20. Qxh6 Qxc3 21.
h5 Rc8 22. Rg2 g5 23. Qxg5+ Kh7 24. Rf1 Be6 25. fxg4 Nxe4 26. Rxf7+ Bxf7 27.
Qf5+ Kg8 28. Qxe4 Qc6 29. Qe2 Qc4 30. Qd2 Qf1+ 31. Kb2 Qf6+ 32. Kb1 Qf1+ 33.
Kb2 Qf6+ 34. Nd4 Qe5 35. Kb1 Qd5 36. c3 Qe4+ 37. Kb2 Qd5 38. Kb1 Qe4+ 1/2-1/2

[Event "AChIP06"]
[Site "Paris"]
[Date "????.??.??"]
[Round "6.5"]
[White "Quach, Charlie"]
[Black "Arnaudov, G. Petar"]
[Result "1-0"]
[WhiteElo "2112"]
[BlackElo "2220"]
[PlyCount "111"]

1. d4 Nf6 2. c4 e6 3. Nc3 Bb4 4. e3 O-O 5. Bd3 c5 6. Nf3 d5 7. O-O Nc6 8. a3
Bxc3 9. bxc3 dxc4 10. Bxc4 Qc7 11. Qe2 e5 12. d5 Na5 13. e4 Bg4 14. Ba2 Qd6 15.
h3 Bh5 16. g4 Bg6 17. Nd2 Nd7 18. f3 Rfb8 19. c4 f6 20. Kh2 Be8 21. Rg1 g5 22.
Nf1 b6 23. h4 h6 24. hxg5 hxg5 25. Bb2 Bg6 26. Kg2 Kf7 27. Ne3 Rh8 28. Rh1 Rag8
29. Bc3 Nb7 30. Bb3 Kg7 31. Ba4 Nb8 32. Rag1 Rxh1 33. Rxh1 Rh8 34. Nd1 Rxh1 35.
Kxh1 Qd8 36. Nf2 Nd6 37. Bb3 Nd7 38. a4 a5 39. Nd3 Qh8+ 40. Kg2 Qh7 41. Nf2 Qh8
42. Nd3 Qd8 43. Nf2 Be8 44. Nd3 Qe7 45. Qb2 Nf7 46. Qd2 Nf8 47. Bxa5 bxa5 48.
Qxa5 Nd7 49. Qa7 f5 50. a5 fxe4 51. fxe4 Nd6 52. a6 Kh8 53. Qc7 Qh7 54. Nf2 Bg6
55. a7 Bxe4+ 56. Kg1 1-0

[Event "AChIP06"]
[Site "Paris"]
[Date "????.??.??"]
[Round "6.6"]
[White "Lebrun, Xavier"]
[Black "Leroux, Richard"]
[Result "1-0"]
[WhiteElo "2220"]
[BlackElo "2150"]
[PlyCount "85"]

1. e4 e5 2. Nf3 Nc6 3. Bb5 a6 4. Ba4 Nf6 5. O-O b5 6. Bb3 Bc5 7. c3 d6 8. d4
Bb6 9. h3 Bb7 10. Re1 h6 11. Be3 exd4 12. cxd4 Na5 13. Bc2 Nc4 14. Bc1 O-O 15.
b3 Na5 16. Bb2 Re8 17. Nbd2 Nc6 18. d5 Ne5 19. Nxe5 dxe5 20. Nf3 Nd7 21. b4 Qf6
22. Bb3 Nf8 23. Qe2 Ng6 24. g3 Bc8 25. Kg2 Qd6 26. Rac1 Bd7 27. Red1 Rad8 28.
Nh2 Qxb4 29. d6 c5 30. Bc3 Qa3 31. Bd5 c4 32. Rc2 Qc5 33. Bd2 Qc8 34. Qh5 Be6
35. Bxh6 Bxd5 36. Rxd5 gxh6 37. Ng4 Re6 38. Nxh6+ Kg7 39. Nf5+ Kf6 40. h4 Ree8
41. Qg5+ Ke6 42. Nd4+ Kd7 43. Qf5+ 1-0

[Event "AChIP06"]
[Site "Paris"]
[Date "????.??.??"]
[Round "6.7"]
[White "Baillon, Olivier"]
[Black "Derieux, Christian"]
[Result "1-0"]
[WhiteElo "2207"]
[BlackElo "2145"]
[PlyCount "51"]

1. e4 c5 2. Nf3 d6 3. d4 Nf6 4. Bb5+ Nbd7 5. e5 Qa5+ 6. Nc3 a6 7. Bxd7+ Nxd7 8.
exd6 cxd4 9. Qxd4 e5 10. Qd3 Nc5 11. Qd5 Be6 12. d7+ Bxd7 13. Qxe5+ Be6 14. a3
Qd8 15. Be3 f6 16. Qg3 Bd6 17. Qxg7 Rg8 18. Qxh7 Qb6 19. b4 Qc6 20. Bxc5 O-O-O
21. Qe4 Bxc5 22. Qxc6+ bxc6 23. bxc5 Bc4 24. Nd2 Rge8+ 25. Kd1 Rd4 26. Kc1 1-0

[Event "AChIP06"]
[Site "Paris"]
[Date "????.??.??"]
[Round "6.8"]
[White "Doebele, Victor"]
[Black "Giroux, Fabrice"]
[Result "1-0"]
[WhiteElo "1946"]
[BlackElo "2204"]
[PlyCount "77"]

1. Nf3 f5 2. g3 Nf6 3. Bg2 e6 4. O-O Be7 5. d4 O-O 6. c4 c6 7. Nc3 d5 8. b3 Ne4
9. Bb2 Nd7 10. Qc2 Qe8 11. Ne1 Qh5 12. Nd3 Bd6 13. f3 Nxg3 14. hxg3 Bxg3 15.
Rfd1 Qh2+ 16. Kf1 h5 17. e3 g5 18. Ne2 Bc7 19. f4 Nf6 20. Ne5 Bxe5 21. dxe5 Ng4
22. Qd2 h4 23. Ng1 Qg3 24. Bd4 Nh2+ 25. Ke2 Qxg2+ 26. Kd3 dxc4+ 27. bxc4 Qe4+
28. Kc3 Ng4 29. Nh3 gxf4 30. Ng5 fxe3 31. Qe1 Qg2 32. Qxh4 Qh2 33. Qxh2 Nxh2
34. Rh1 Ng4 35. Rh7 b6 36. Rah1 c5 37. Bxe3 Nxe3 38. R1h6 Rd8 39. Rg6+ 1-0

[Event "AChIP06"]
[Site "Paris"]
[Date "????.??.??"]
[Round "6.9"]
[White "Sohier, Julien"]
[Black "N'Kada, Alexandre"]
[Result "1-0"]
[WhiteElo "2203"]
[BlackElo "2130"]
[PlyCount "43"]

1. e4 c5 2. Nf3 e6 3. d4 cxd4 4. Nxd4 a6 5. Nc3 Qc7 6. Be3 Nf6 7. Bd3 Bb4 8.
O-O Nc6 9. Kh1 Ne5 10. f4 Nc4 11. Bxc4 Qxc4 12. e5 Bxc3 13. exf6 Bxd4 14. Bxd4
g6 15. Rf3 b5 16. Rc3 Qd5 17. Rc5 Qe4 18. Qd2 Bb7 19. Re1 d6 20. Rxe4 dxc5 21.
Bxc5 Rd8 22. Rd4 1-0

[Event "AChIP06"]
[Site "Paris"]
[Date "????.??.??"]
[Round "6.10"]
[White "Pozdnjakov, Viatcheslav"]
[Black "Gouanelle, Franck"]
[Result "1/2-1/2"]
[WhiteElo "2192"]
[BlackElo "2121"]
[PlyCount "114"]

1. d4 g6 2. Nf3 Bg7 3. c4 d6 4. e4 e5 5. Nc3 Bg4 6. d5 h5 7. Be2 Bh6 8. Nd2
Bxe2 9. Qxe2 Nd7 10. b4 a5 11. Ba3 Ngf6 12. Nb3 axb4 13. Bxb4 Qe7 14. Nb5 Nc5
15. Bxc5 dxc5 16. a4 O-O 17. O-O Rfc8 18. Rfd1 Ne8 19. a5 Ra6 20. Nc3 Rca8 21.
Ra2 Nf6 22. Rda1 Bf8 23. Nc1 Nd7 24. Nd3 Qg5 25. Qb2 Rb8 26. h3 Bd6 27. Qc1 Qh4
28. Qe1 Kg7 29. Rb1 Qd8 30. Kh2 Qc8 31. Qd2 Rba8 32. Nb5 Rb8 33. Re1 Qe8 34.
Qc3 f6 35. g3 h4 36. Rg1 Qh8 37. f3 Kf7 38. gxh4 Qxh4 39. Rg4 Qh6 40. Qc1 Qxc1
41. Nxc1 Rba8 42. Nb3 Rh8 43. Rag2 Rh6 44. Kg3 f5 45. exf5 gxf5 46. Rg5 Be7 47.
h4 Bxg5 48. hxg5 Rhg6 49. f4 Nf6 50. fxe5 Rxg5+ 51. Kf3 Rxg2 52. Kxg2 Ne8 53.
Kf3 c6 54. Nxc5 Ra8 55. Nd6+ Nxd6 56. exd6 cxd5 57. cxd5 Rxa5 1/2-1/2

[Event "AChIP06"]
[Site "Paris"]
[Date "????.??.??"]
[Round "7.1"]
[White "Launiau, Severin"]
[Black "Lebrun, Xavier"]
[Result "0-1"]
[WhiteElo "2100"]
[BlackElo "2220"]
[PlyCount "90"]

1. f4 e5 2. fxe5 d6 3. exd6 Bxd6 4. Nf3 Nf6 5. d4 Ne4 6. Nc3 Bf5 7. Nxe4 Bxe4
8. e3 O-O 9. Bd3 f5 10. O-O Nd7 11. Bd2 Qf6 12. Qe1 Rae8 13. Qh4 Qg6 14. Qg5
Qf7 15. Bxe4 Rxe4 16. Ne5 Nxe5 17. dxe5 Bxe5 18. g4 Qd5 19. Rxf5 Rxg4+ 20. Qxg4
Rxf5 21. h4 h5 22. Qg2 Rf3 23. Be1 Bxb2 24. Rb1 Bf6 25. Bf2 b6 26. c4 Qe4 27.
Rd1 Qf5 28. Rd5 Qb1+ 29. Kh2 Rf5 30. Bg3 c6 31. Rd7 Ra5 32. Rd2 Rc5 33. Qe2 Qe4
34. Kh3 Qxc4 35. Qf3 Qe6+ 36. Kg2 Rf5 37. Bf4 Rd5 38. Rc2 c5 39. e4 Rd4 40. Re2
Bxh4 41. Bb8 c4 42. Bxa7 Qg6+ 43. Kh2 Rd3 44. Re3 Rd2+ 45. Kh1 Bf2 0-1

[Event "AChIP06"]
[Site "Paris"]
[Date "????.??.??"]
[Round "7.2"]
[White "Gervasio, Ricardo"]
[Black "Sohier, Julien"]
[Result "0-1"]
[WhiteElo "2293"]
[BlackElo "2203"]
[PlyCount "131"]

1. d4 d5 2. Nf3 Nf6 3. g3 c6 4. Bg2 Bg4 5. Ne5 Bf5 6. Nd2 Nbd7 7. Ndf3 h6 8.
O-O e6 9. c4 Be7 10. a4 O-O 11. a5 a6 12. Qb3 Qc7 13. Bf4 Qc8 14. Rac1 Nxe5 15.
Nxe5 Ne4 16. f3 Nd6 17. c5 Nb5 18. e4 Bh7 19. Qb4 Qd8 20. Rcd1 Bg5 21. Bxg5
hxg5 22. Rfe1 Re8 23. Qd2 Qe7 24. exd5 cxd5 25. Bf1 Na7 26. b4 Bf5 27. Bd3 Bxd3
28. Qxd3 Nc6 29. Rb1 Na7 30. Kg2 Nb5 31. h4 g6 32. Rh1 Kg7 33. hxg5 Qxg5 34.
Rh4 Rh8 35. Rbh1 Rxh4 36. Rxh4 Qf5 37. Qd2 g5 38. Rh1 f6 39. Ng4 Rh8 40. Rxh8
Kxh8 41. Qd1 Kg7 42. Ne3 Qg6 43. g4 Qh7 44. Nf1 Kf7 45. Ng3 Nc3 46. Qd2 Nb5 47.
f4 Qh4 48. fxg5 Qxg4 49. gxf6 Nxd4 50. Qd3 Kxf6 51. Qh7 Nf5 52. Qh8+ Qg7 53.
Qxg7+ Nxg7 54. b5 Ne8 55. b6 Ke7 56. Kf3 Kd7 57. Kf4 Kc6 58. Ke5 Kxc5 59. Kxe6
Nd6 60. Ne2 Nc4 61. Kd7 Nxa5 62. Kc7 d4 63. Nc1 Kc4 64. Ne2 d3 65. Ng3 d2 66.
Nf1 0-1